000 00658nam a2200241 4500
001 1725458
005 20180220040936.0
008 740322s1973 enka b 001 0 eng
010 _a 73086099
015 _aGB***
020 _a0582440270
_a0582440211 (pbk.)
040 _aDLC
_cDLC
_dDLC
041 _aeng
080 _a658.15 ame
082 0 0 _a658.15 ame
100 1 _a61
101 _abus
245 1 0 _aManagement accounting:
_c[by] Lloyd R. Amey [and] Don A. Egginton.
350 _a$21.00 (U.S.)
504 _aIncludes bibliographies.
906 _a7
_bcbc
_corignew
_d2
_eopcn
_f19
_gy-gencatlg
942 _2ddc
_cBK
999 _c42888
_d42888